| 000 | 01274nam a2200277 a 4500 | ||
|---|---|---|---|
| 001 | 0000024368 | ||
| 003 | CO-CtgCURN | ||
| 005 | 20250521173538.0 | ||
| 007 | ta | ||
| 008 | 160628s2000 cou 000 0 eng d | ||
| 020 | _a1586630970 | ||
| 040 |
_aCO-CtgCURN _bspa _ccoctgcurn |
||
| 082 | 0 |
_aR611.91 _bM132 |
|
| 100 | 1 | _aMcCracken, Thomas. | |
| 245 | 1 | 0 |
_aNew Atlas of Human Anatomy / _cGeneral editor: Thomas McCracken; Contributing Richard Walker. |
| 260 | 1 |
_aColorado : : _bMetroBooks,, _c2000. |
|
| 300 | _a239 p. | ||
| 500 | _aIncluye indice. | ||
| 505 | 8 | _av.1--Anatomia general.--Parte y regiones del cuerpo.--Aparato locomotor.--Aparato digestivo y respiratorio.--Cabeza y cuello.--Regiones de la cabeza y cuello.--Huesos del craneo y articulacion.--Miembro superior.--Encefalo.--Ojo.--Oido.--v.2--Tronco.--Visceras y miembro inferior.--Dorso del tronco.--Pared toracica y abdominal.--Visceras abdominales y pelvianas.--Huesos articulaciones y ligamentos.--Suelo de la pelvis y perine genitales masculinos | |
| 650 | 1 | 4 | _aAnatomÃa humana. |
| 650 | 1 | 4 |
_aAnatomÃa humana _vNomenclatura. |
| 700 | 1 | _aR. abst. | |
| 908 | _a160627 | ||
| 942 |
_cREF _hR611.91 _iS677a _2ddc _n0 |
||
| 999 |
_c7548 _d7548 |
||